ბათუმის შოთა რუსთაველის სახელმწიფო უნივერსიტეტის ბიბლიოთეკა

Продукция кормовых и промысловых ракообразных(генеративная и экзувиальная) (ბიბ.ჩანაწერი № 35269)

000 -LEADER
fixed length control field 00765nam a2200229Ia 4500
001 - CONTROL NUMBER
control field 1118
003 - CONTROL NUMBER IDENTIFIER
control field GE_BSU
008 - FIXED-LENGTH DATA ELEMENTS--GENERAL INFORMATION
fixed length control field 181216s||||||||xx |||||||||||||| ||und||
040 ## - CATALOGING SOURCE
Transcribing agency GE_BSU
080 ## - UNIVERSAL DECIMAL CLASSIFICATION NUMBER
Universal Decimal Classification number 639.51
100 ## - MAIN ENTRY--PERSONAL NAME
Personal name Хмелева,Н.Н.
245 ## - TITLE STATEMENT
Title Продукция кормовых и промысловых ракообразных(генеративная и экзувиальная)
245 ## - TITLE STATEMENT
Remainder of title АН Белорусской ССР. Институт зоологии
260 ## - PUBLICATION, DISTRIBUTION, ETC.
Place of publication, distribution, etc. Минск
260 ## - PUBLICATION, DISTRIBUTION, ETC.
Name of publisher, distributor, etc. Нака и техника
260 ## - PUBLICATION, DISTRIBUTION, ETC.
Date of publication, distribution, etc. 1984
300 ## - PHYSICAL DESCRIPTION
Extent 216стр.
653 ## - INDEX TERM--UNCONTROLLED
Uncontrolled term Зоология
653 ## - INDEX TERM--UNCONTROLLED
Uncontrolled term Продукция кормовых и промысловых ракообразных
942 ## - ADDED ENTRY ELEMENTS (KOHA)
Koha item type წიგნი
ეგზემპლარები
Withdrawn status Lost status Damaged status Not for loan Date acquired Barcode Date last seen Price effective from Koha item type
        2018-12-17 2002 2018-12-17 2018-12-17 წიგნი